00748 2200265 4500001002100000005001700021008004100038020001800079035002400097082001000121090001700131100001700148245010700165250001100272260003700283300002900320500003100349650002000380700001800400850001500418980001300433985000600446999001500452999001500467YOGYA-0209000000555220090227020823.0 ind  a979-514-201-1 0010-020900000005552 a297.6 a297.6bSua C aSUARDI, Dedy aCatastrophe terakhirbkajian ilmiah terhadap enigma cipta ilahiyahcDedy Suardy ; editor Tjun Suryaman aCet. 1 aBandungbRemaja Rosdakaryac1992 axi, 159 hlmbilusc22 cm aBibliografi : hlm. 158-159 aIslam dan sains aSuryaman, Cun aYOPDYOG(B) a21-06-05 a2 a96P0078367 a96P0078369